Statistiques concernant États du Mexique - Carte Quiz

Cliquez ici pour prendre le quiz!

Statistiques générales

  • Ce quiz a été pris 3 629 fois
  • Le résultat moyen est 9 sur 32

Réponses sur la Carte

Les réponses sont colorées sur une échelle allant du rouge au vert en fonction du pourcentage des utilisateurs qui les ont devinées à leur premier essai. Vous pouvez retrouver ces pourcentages ci-dessous.
 

Statistiques - réponses

Réponse% Correct
Basse-Californie du Sud
87%
Basse-Californie
86%
Mexico (Ville)
54%
Yucatán
53%
Mexico (État)
44%
Chihuahua
40%
Sinaloa
29%
Veracruz
28%
Chiapas
27%
Oaxaca
23%
Quintana Roo
23%
Campeche
22%
Tabasco
22%
Nuevo León
21%
Sonora
21%
Durango
20%
Aguascalientes
19%
Coahuila
19%
Puebla
19%
Jalisco
18%
Guerrero
17%
Hidalgo
17%
San Luis Potosí
17%
Tamaulipas
17%
Colima
16%
Guanajuato
16%
Michoacán
15%
Nayarit
15%
Tlaxcala
15%
Zacatecas
15%
Morelos
14%
Querétaro
13%

Distribution des résultats

Percentile par nombre de réponses

% des personnes avec chaque résultat

Votre développement - résultats

Vous n’avez pas pris ce quiz